[Event "SVK-ch U14"]
[Site "Liptovsky Mikulas"]
[Date "2007.04.27"]
[Round "9"]
[White "Kukucka, Matej"]
[Black "Zaskvara, Marek"]
[Result "1-0"]
[WhiteElo "1403"]
[BlackElo "1350"]
[PlyCount "29"]
[EventDate "2007.04.22"]
[EventType "swiss"]
[EventRounds "9"]
[EventCountry "SVK"]
[SourceTitle "EXT 2008"]
[Source "ChessBase"]
[SourceDate "2007.11.25"]
[SourceVersion "1"]
[SourceVersionDate "2007.11.25"]
[SourceQuality "1"]

1. e4 e5 2. Nf3 Nc6 3. Bc4 d6 4. d4 exd4 5. Nxd4 Nxd4 6. Qxd4 c5 7. Qd3 Qf6 8. Nc3 Ne7 9. Be3 Bd7 10. 0-0-0 Nc6 11. a3 Ne5 12. Qe2 Nxc4 13. Qxc4 Be7 14. Nd5 Qe6 15. Nc7+ 1-0